000 00194 a2200097 4500
001 1465
100 _aCweson, G.B
245 _aProduction hand book
260 _a
_bRonald
_c
090 _c1008
_d1008
942 _aNUST-CAE
_cM
_c92
999 _c236538
_d236538